000 00747nas a2200253 4500
001 BR9903679
003 BR-BrBNA
005 20231205101509.0
007 ta
008 230509b bl.|||p| |||| 00| 00por d
040 _aBR-BrBNA
_bpor
_cBiblioteca Nacional de Agricultura
041 _a(Pt)
072 _aM01
100 1 _aSantos, G.M. dos
100 1 _aOliveira Junior, A.B. de
245 1 _aA pesca no reservatorio da hidreletrica de Balbina (Amazonas, Brasil)
650 _aPesca
650 _aRecurso Pesqueiro
650 _aHidreletrica
650 _aAmazonia
773 0 _tActa Amazonica (Brazil)
_xISSN 0044-5967
_g(Mar 1999), v. 29(1) p. 145-163
_wBR9903679
909 _a202311
_bLúcia
_c55
_dLúcia Elande
942 _2AGRIS
_n0
_cANA
999 _c162202
_d162202